| 000 | 00622nam a2200157 i 4500 | ||
|---|---|---|---|
| 001 | 61453 | ||
| 003 | ES-MaACL | ||
| 005 | 20230906164447.0 | ||
| 007 | t| | ||
| 008 | 030317q1952 sp ||||1| spa d | ||
| 111 | 2 |
_aExposición de la Seda de la Liturgia ( _d1952. _cBarcelona) _9676 |
|
| 245 | 1 | 3 |
_aLa seda en la liturgia _b: exposición organizada por el Colegio de Arte Mayor de la Seda de Barcelona con ocasión del XXXIV Congreso Eucarístico Internacional, Mayo-Junio 1952. |
| 260 |
_aBarcelona : _b[s.n., _c1952?] ( _fR. Giralt Miracle) |
||
| 300 |
_a46 p., 34 lám, ; _c25 cm. |
||
| 852 |
_aES-MaACL _jD-9026 _bR.32495 |
||
| 999 |
_c61453 _d61453 |
||